Por una democratización de la enseñanza / Alfred Sauvy
Descripción Física:
148 p. ; 22 cm
Materias:
Educació -- Europa
MARC
| LEADER | 00000nam a2200000Ia 4500 | ||
|---|---|---|---|
| 001 | 1377 | ||
| 008 | 160829s1977 xx 000 0 cat d | ||
| 080 | |a E-1-95 | ||
| 100 | |a Sauvy, Alfred |9 25373 | ||
| 245 | |a Por una democratización de la enseñanza / Alfred Sauvy | ||
| 260 | |a Madrid : |b ICCE, |c 1977 | ||
| 300 | |a 148 p. ; |c 22 cm | ||
| 490 | |a Colección Ciencias de la Educación. Serie Europa 2000 | ||
| 650 | 0 | |a Educació |x Europa |9 25374 | |
| 901 | |a Arxiu | ||
| 942 | |n 1 | ||
| 952 | |0 0 |1 0 |4 0 |6 E195 |7 1 |9 43585 |a Arxiu |b Arxiu |d 2016-12-01 |l 0 |o E-1-95 |p 1377 |r 2016-12-01 00:00:00 |w 2016-12-01 |y ARXIU | ||
| 999 | |c 46132 |d 46132 | ||